| 000 | 00363nam a2200133Ia 4500 | ||
|---|---|---|---|
| 008 | 220204s9999 xx 000 0 und d | ||
| 082 |
_a025.520 _bSHA |
||
| 100 | _aSHARMA, R K | ||
| 245 | 0 | _aInformation handling in libraries in 21st century | |
| 260 |
_aNew Delhi _bEss Ess Pub _c1989 |
||
| 650 | _aInformation handling | ||
| 700 | _aTRIPATHI, B P | ||
| 942 | _cBK | ||
| 999 |
_c40088 _d40088 |
||